Top 10 richest footballers of all-time - Statistics

General Stats
  • This quiz has been taken 100 times
  • The average score is 5 of 10
Answer Stats
Place Net worth
($)
Footballer % Correct
3 780M Cristiano Ronaldo
99%
5 625M Lionel Messi
99%
7 310M Neymar
84%
10 235M Kylian Mbappé
76%
4 630M David Beckham
61%
8 300M Zlatan Ibrahimović
39%
2 21.8B Mathieu Flamini
16%
1 31.2B Faiq Bolkiah
7%
6 345M Dave Whelan
5%
9 250M Ronaldo Nazario
3%
No matching quizzes found
Score Distribution
Percent of People with Each Score
Percentile by Number Answered
Your Score History
You have not taken this quiz